Postacie z kreskówki Włatcy Móch - Statystyki

Ogólne statystyki
  • Ten quiz został rozwiązany 177 razy
  • Średni wynik to 8 z 9
Statystyki odpowiedzi
Hint Odpowiedź % Poprawnych
Jest zombiakiem Czesio
100%
Najgrubszy z paczki Anusiak
95%
Najmądrzejszy z paczki Konieczko
94%
Najbogatszy z paczki Maślana
94%
Przyjechała z USA Andżelika
85%
Ma męski głos Higienistka
81%
Ulubiona ofiara głównych bohaterów Zajkowski
81%
Nauczycielka głównych bohaterów Pani Frał
78%
Pluszak Czesia Przekliniak
74%
Nie znaleziono quizów pasujących do podanych kryteriów
Rozkład punktacji
Procent ludzi z każdym wynikiem
Percentyl według liczby udzielonych odpowiedzi
Twoja historia wyników
Nie rozwiązałeś tego quizu